الوقت فى الاسلام : (Record no. 34498)
[ view plain ]
| 000 -الفاتح | |
|---|---|
| حقل البيانات ثابتة الطول | 00866nam a2200217Ia 4500 |
| 005 - وقت وتاريخ اخر تعامل مع التسجيلة | |
| رقم الضبط | 20240530102750.0 |
| 008 - عناصر البيانات ثابتة الطول - معلومات عامة | |
| حقل البيانات ثابتة الطول | 140319s1988 ua 000 0 ara d |
| 040 ## - مصدر الفهرسة | |
| وكالة الفهرسة الأصلية | GCL / |
| وكالة النسخ | GCL |
| 082 04 - رقم تصنيف ديوى العشرى | |
| رقم التصنيف | 210/ |
| رقم المادة | م إ |
| 100 0# - المدخل الرئيسى - إسم شخصى | |
| الإسم الشخصى | حلمى عبد المنعم صابر |
| 245 12 - بيان العنوان | |
| العنوان | الوقت فى الاسلام : |
| بقية العنوان | دراسة تحليلية فى ضوء القران والسنه والفكر الفلسفى / |
| بيان المسئوليه,etc | حلمى عبد المنعم صابر |
| 260 ## - PUBLICATION, DISTRIBUTION, ETC. (IMPRINT) | |
| تاريخ النشر أو التوزيع | 1988. |
| 300 ## - الوصف المادى | |
| التعداد | 152 ص. ؛ |
| أبعاد الوعاء | 19 سم. |
| 490 #0 - بيان السلسلة | |
| عنوان السلسلة | اسلاميات. مكتبة المسلم العصرية؛ |
| رقم المجلد/ التعيين التسلسلي | 85. |
| 650 07 - المدخل الاضافى بالموضوع-مصطلح موضوعى | |
| مصطلح موضوعي | الاسلام |
| مصدر الرأس أو المصطلح | qrmak |
| 650 07 - المدخل الاضافى بالموضوع-مصطلح موضوعى | |
| مصطلح موضوعي | الالفاظ فى القران |
| مصدر الرأس أو المصطلح | qrmak |
| 650 07 - المدخل الاضافى بالموضوع-مصطلح موضوعى | |
| مصطلح موضوعي | البلاغة فى القران |
| مصدر الرأس أو المصطلح | qrmak |
| 650 07 - المدخل الاضافى بالموضوع-مصطلح موضوعى | |
| مصطلح موضوعي | القران |
| مصدر الرأس أو المصطلح | qrmak |
| 942 ## - عناصر المدخل الإضافي( كوها) | |
| مصدر التصنيف او مخطط الترفيف | Dewey Decimal Classification |
| Koha [default] item type | كتاب |
| 260 ## - PUBLICATION, DISTRIBUTION, ETC. (IMPRINT) | |
| -- | القاهرة : |
| -- | المؤسسة العربية الحديثة ، |
| حالة التراجع | حالة الفقد | حالة تلف | ليس للاعارة | المكان المؤقت | الموقع الحالى | تاريخ الاكتساب | اجمالي اﻻعارات | رقم الطلب | الباركود | تاريخ اخر مشاهدة | تاريخ تفعيل السعر | نوع وعاء كوها | تبصرة عامة |
|---|---|---|---|---|---|---|---|---|---|---|---|---|---|
| مكتبة القاهرة الكبرى | مكتبة القاهرة الكبرى | 03/26/2014 | 210/م إ | 82594 | 03/26/2014 | 03/26/2014 | كتاب | تم وضع الهجاء على اساس الناشر والسلسلة |

